|
|
|
|
| LEADER |
01229nam a2200265 a 4500 |
| 001 |
3523564 |
| 008 |
130729s1996 maua b 001 0 eng d |
| 010 |
|
|
|a 96010216
|
| 020 |
|
|
|a 0875846513 (alk. paper)
|
| 040 |
|
|
|a DLC
|c DLC
|d DLC
|d BD-DhAAL.
|
| 082 |
0 |
0 |
|a 658.4/012
|2 20
|
| 100 |
1 |
|
|a Kaplan, Robert S.
|
| 245 |
1 |
4 |
|a The balanced scorecard :
|b translating strategy into action /
|c Robert S. Kaplan, David P. Norton.
|
| 260 |
|
|
|a Boston, Mass. :
|b Harvard Business School Press,
|c c1996.
|
| 300 |
|
|
|a xi, 322 p. :
|b ill. ;
|c 24 cm.
|
| 504 |
|
|
|a Includes bibliographical references and index.
|
| 541 |
|
|
|e 00027347
|
| 650 |
|
0 |
|a Industrial productivity
|x Measurement.
|
| 650 |
|
0 |
|a Strategic planning.
|
| 650 |
|
0 |
|a Organizational effectiveness
|x Evaluation.
|
| 700 |
1 |
|
|a Norton, David P.,
|d 1941-
|
| 852 |
1 |
|
|a Ayesha Abed Library
|j General shelf.
|
| 999 |
|
|
|c 13784
|d 13784
|
| 952 |
|
|
|0 0
|1 0
|4 0
|6 658_401200000000000_KAP
|7 0
|9 23050
|a IGS
|b IGS
|c GEN
|d 2013-07-30
|e Trim Education
|g 2875.00
|l 0
|o 658.4012 KAP
|p 3010027347
|r 2013-07-30
|t 1
|w 0000-00-00
|y BK
|x Available
|
| 952 |
|
|
|0 0
|1 0
|4 0
|6 658_401200000000000_KAP
|7 0
|9 23051
|a IGS
|b IGS
|c GEN
|d 2013-07-30
|e Trim Education
|g 2875.00
|l 0
|o 658.4012 KAP
|p 3010027348
|r 2013-07-30
|t 2
|w 0000-00-00
|y BK
|x Available
|